000
00339nam a2200145Ia 4500
005
20251222144624.0
008
251222s9999||||xx |||||||||||||| ||spa||
020
_a
9786123013417
082
_a
871/M66
100
_a
Mitrani, Henry
245
0
_a
La Palabra y la Piedra
250
_a
1ra.ed.
264
_b
QC Editores, SAC.
942
_c
LIB
999
_c
16036
_d
16036